000 00474nam a2200169 i 4500
001 60622
003 ES-MaACL
005 20230906164255.0
007 t|
008 031105s1971 sp ||||1| spa d
100 1 _aEspinosa, Juan Antonio.
_947887
245 1 0 _aMadre nuestra /
_cJuan Antonio Espinosa.
260 _aMadrid :
_bApostolado de la Prensa,
_c[1971]
300 _a63 p. :
_bil. ;
_c15 cm.
650 4 _aCantos religiosos.
_9144783
852 _aES-MaACL
_jC-42133
999 _c60622
_d60622